1469 1670 1130 1995 1106 1192 1973 1622 1096 1925 1497 1642 1843 1476 1906 1789 1908 1141 1227 1168 1027 1058 1822 1084 1628 1378 1162 1312 1786 1530 1686 1067 1779 1631 1345 1340 1160 1373 1078 1900 1467 1830 1298 1633 1931 1777 1483 1208 1052 1267 1638 1771 1006 1780 1602 1790 1959 1697 1762 1342 1493 1308 1962 1237 1356 1413 1112 1792 1328 1202 1252 1998 1612 1468 1023 1065 1929 1492 1891 1905 1234 1240 1502 1465 1604 1759 1661 1067 1451 1647 1346 1992 1085 1164 1213 1222 1387 1795 1494 BCNSPRNW ULIB Ver.6.0+V

เปลี่ยนเป็นภาษาไทย

Change to English
 แสดงรายละเอียดบรรณานุกรม
  กลับหน้าหลัก

Brief Record : Get Marc (ISO 2709) : E-mail record : QR code < ปิดหน้าต่าง
LEADER : 00000nam 2200000uu 4500
001    13399112464
003     ULIB
008    110817s2548||||th 000 0 tha d
020    9749666747
020    9789749666746
050  4 HN700^bอ199ก 2548
100 0  อนุรักษ์ ปัญญานุวัฒน์
245 10 การศึกษาชุมชนเชิงพหุลักษณ์ :^bบทเรียนจากวิจัยภาคสนาม /^cอนุรักษ์ ปัญญานุวัฒน์
260    กรุงเทพฯ :^bโครงการเสริมสร้างการเรียนรู้เพื่อชุมชนเป็นสุข(สรส.),^c2548
300    (12), 221 หน้า :^bภาพประกอบ ;^c21 ซม.
650  4 ชุมชน^xวิจัย
650  4 การพัฒนาชุมชน^xวิจัย
650  4 การศึกษาชุมชน
710 2  โครงการเสริมสร้างการเรียนรู้เพื่อชุมชนเป็นสุข (สรส.)
710 2  โครงการวิจัยกระบวนการเรียนรู้และการจัดการความรู้ของชุมขน
710 2  สำนักงานกองทุนสนับสนุนการสร้างเสริมสุขภาพ (สสส.)
710 2  สำนักงานกองทุนสนับสนุนการวิจัย
945    ^p150^l0^i019002
995    ทศพร
999 ^a ทศพร
รายการนี้ยังไม่มีแท็ก
คุณยังไม่ได้ล็อกอิน คุณสามารถมีกิจกรรมร่วมกับเว็บไซต์ได้ แต่ต้องล็อกอินก่อน ::
  ล็อกอิน

รายการสื่อสารสนเทศ

ลำดับที่ ประเภท เลขเรียก/บาร์โค้ด สถานที่ สถานะ
- ไม่พบข้อมูล -

รายการใกล้เคียง
    หัวเรื่อง [การศึกษาชุมชน]

BibComment


ยังไม่เคยถูกคอมเมนท์

คอมเมนท์ทรัพยากรรายการนี้
  คอมเมนท์: การศึกษาชุมชนเชิง..


 Copyright 2026. Bcnsprnw @Library